[Event "Caracas Bandes Cup 1st"]
[Site "Caracas"]
[Date "2014.03.03"]
[Round "5"]
[White "Morella Cabrera, Julio Antonio"]
[Black "Diaz Leon, Richard"]
[Result "1-0"]
[WhiteElo "2240"]
[BlackElo "2160"]
[PlyCount "45"]
[EventDate "2014.03.01"]
[EventType "swiss"]
[EventRounds "7"]
[EventCountry "VEN"]
[SourceTitle "EXT 2018"]
[Source "ChessBase"]
[SourceDate "2017.10.13"]
[SourceVersion "1"]
[SourceVersionDate "2017.10.13"]
[SourceQuality "1"]

1. e4 e5 2. Nf3 Nc6 3. Bc4 Nf6 4. d3 h6 5. 0-0 d6 6. a4 g6 7. a5 a6 8. c3 Bg7 9. d4 Qe7 10. dxe5 Nxe5 11. Nxe5 Qxe5 12. Nd2 0-0 13. Bd3 Nd7 14. Nf3 Qf6 15. Be3 Ne5 16. Nxe5 dxe5 17. Qb3 Qc6 18. Ra4 Be6 19. Bc4 Rfe8 20. Rb4 Rac8 21. Bd5 Bxd5 22. exd5 Qd6 23. Rxb7 1-0

[Event "Caracas Bandes Cup 1st"]
[Site "Caracas"]
[Date "2014.03.02"]
[Round "3"]
[White "Morella Cabrera, Julio Antonio"]
[Black "Abatantuono Lattarulo, Giuseppe"]
[Result "1-0"]
[WhiteElo "2240"]
[BlackElo "2128"]
[PlyCount "73"]
[EventDate "2014.03.01"]
[EventType "swiss"]
[EventRounds "7"]
[EventCountry "VEN"]
[SourceTitle "EXT 2018"]
[Source "ChessBase"]
[SourceDate "2017.10.13"]
[SourceVersion "1"]
[SourceVersionDate "2017.10.13"]
[SourceQuality "1"]

1. e4 e5 2. Nf3 Nc6 3. Bc4 Nf6 4. d3 Bc5 5. c3 Bb6 6. Bb3 d6 7. Nbd2 Be6 8. Nc4 h6 9. Bc2 0-0 10. 0-0 Nh7 11. a4 a6 12. Nxb6 cxb6 13. d4 Bg4 14. d5 Ne7 15. h3 Bd7 16. Nh4 b5 17. axb5 Bxb5 18. Re1 Rc8 19. Qh5 Be8 20. Qf3 g5 21. Nf5 Nxf5 22. exf5 f6 23. Ba4 Bf7 24. Be3 Kh8 25. Qe4 Rg8 26. Qb4 g4 27. h4 g3 28. f3 b5 29. Bb3 Ra8 30. Bxh6 a5 31. Qe4 Nf8 32. Bxf8 Qxf8 33. Qd3 Qb8 34. Re4 Bh5 35. c4 Rg7 36. Qe3 Rh7 37. Ra3 1-0

[Event "Barquisimeto Divina Pastora"]
[Site "Barquisimeto"]
[Date "2013.01.10"]
[Round "4"]
[White "Morella Cabrera, Julio Antonio"]
[Black "Zuluaga Mancilla, Cesar"]
[Result "0-1"]
[WhiteElo "2251"]
[BlackElo "2386"]
[PlyCount "106"]
[EventDate "2013.01.09"]
[EventType "tourn"]
[EventRounds "9"]
[EventCountry "VEN"]
[EventCategory "1"]
[SourceTitle "EXT 2014"]
[Source "ChessBase"]
[SourceDate "2013.11.20"]
[SourceVersion "1"]
[SourceVersionDate "2013.11.20"]
[SourceQuality "1"]

1. e4 c5 2. Nc3 e6 3. g3 Nc6 4. Bg2 Nf6 5. Nge2 d6 6. 0-0 a6 7. h3 Qc7 8. g4 b5 9. Ng3 Bb7 10. d3 g6 11. Nce2 Bg7 12. c3 h5 13. g5 Nd7 14. h4 e5 15. Be3 Nb6 16. b3 b4 17. d4 bxc3 18. dxc5 dxc5 19. Bxc5 Nd4 20. Bxb6 Qxb6 21. Nxc3 Rc8 22. Nd5 Bxd5 23. exd5 0-0 24. Rc1 Qa5 25. Rxc8 Rxc8 26. Qb1 Rc2 27. Be4 Rxa2 28. d6 Rd2 29. Qc1 Ne6 30. Rd1 Rxd1+ 31. Qxd1 Bf8 32. d7 Be7 33. Bd5 Nd4 34. Bc4 Kg7 35. Qd3 Qc7 36. Qe4 Qxd7 37. Qxe5+ f6 38. Qe4 fxg5 39. Bd3 Qd6 40. Nxh5+ Kh6 41. Ng3 gxh4 42. Ne2 Nxb3 43. Nf4 Nc5 44. Qxg6+ Qxg6+ 45. Nxg6 Nxd3 46. Nxe7 a5 47. Nd5 a4 48. Nc3 a3 49. Kg2 Kh5 50. f3 Nb4 51. Kh3 a2 52. Nxa2 Nxa2 53. f4 Nb4 0-1

[Event "Villa Clara Province-ch sf"]
[Site "Santa Clara"]
[Date "2010.09.20"]
[Round "4"]
[White "Morella Cabrera, Julio Antonio"]
[Black "Miranda Mesa, Elier"]
[Result "1-0"]
[WhiteElo "2200"]
[BlackElo "2311"]
[PlyCount "61"]
[EventDate "2010.09.16"]
[EventType "swiss"]
[EventRounds "9"]
[EventCountry "CUB"]
[SourceTitle "EXT 2019"]
[Source "ChessBase"]
[SourceDate "2018.10.10"]
[SourceVersion "1"]
[SourceVersionDate "2018.10.10"]
[SourceQuality "1"]

1. e4 g6 2. d4 Bg7 3. Nc3 c6 4. h3 d5 5. Nf3 Nh6 6. Bf4 f6 7. exd5 cxd5 8. Nb5 Na6 9. c4 0-0 10. cxd5 Qxd5 11. Nc3 Qf5 12. Bh2 Nf7 13. Bc4 Kh8 14. 0-0 Nd6 15. Bd3 Qa5 16. Re1 Qd8 17. Nd5 Re8 18. Rc1 e6 19. Nf4 Nb4 20. Nxg6+ hxg6 21. Bxg6 Re7 22. Nh4 Nf7 23. Qh5+ Kg8 24. Bh7+ Kf8 25. Ng6+ Ke8 26. Nxe7 Qxe7 27. Rc7 Bd7 28. Bg6 Rd8 29. Rxb7 Nc6 30. Bc7 Rc8 31. d5 1-0

[Event "Matanzas Copa Nacional"]
[Site "Matanzas"]
[Date "1999.??.??"]
[Round "10"]
[White "Ortiz, Rafael"]
[Black "Morella Cabrera, Julio Antonio"]
[Result "0-1"]
[WhiteElo "2031"]
[BlackElo "2290"]
[PlyCount "82"]
[EventDate "1999.??.??"]
[EventType "tourn"]
[EventRounds "12"]
[EventCountry "CUB"]
[SourceTitle "EXT 2000"]
[Source "ChessBase"]
[SourceDate "1999.11.16"]
[SourceVersion "1"]
[SourceVersionDate "1999.11.16"]
[SourceQuality "1"]

1. d4 Nf6 2. Nf3 e6 3. Bg5 c5 4. e3 h6 5. Bh4 Nc6 6. c3 Be7 7. Nbd2 b6 8. Bd3 Bb7 9. Qe2 0-0 10. 0-0 Nd5 11. Bg3 cxd4 12. exd4 Nf6 13. h3 Rc8 14. Rfe1 Nb8 15. Rad1 Re8 16. Bh2 d6 17. a4 Qd7 18. Bb5 Bc6 19. Ra1 a6 20. Bxc6 Qxc6 21. Qd3 Red8 22. Qf1 Bf8 23. Qe2 Qb7 24. Rec1 Nc6 25. Ne1 e5 26. dxe5 dxe5 27. Nef3 Re8 28. Ne4 Nd5 29. Rd1 Nf4 30. Qe3 Na5 31. Ned2 Nc4 32. Nxc4 Rxc4 33. Bxf4 Re4 34. Qd2 Rxf4 35. Qd7 Qa8 36. Rd5 e4 37. Nd4 e3 38. fxe3 Rxe3 39. Rf1 Rxf1+ 40. Kxf1 Qb8 41. Nf5 Qf4+ 0-1

[Event "Cienfuegos University"]
[Site "Cienfuegos"]
[Date "1998.??.??"]
[Round "1"]
[White "Morella Cabrera, Julio Antonio"]
[Black "Fandino Reyes, Roquelina"]
[Result "1/2-1/2"]
[WhiteElo "2245"]
[BlackElo "2230"]
[PlyCount "43"]
[EventDate "1998.??.??"]
[EventType "tourn"]
[EventRounds "13"]
[EventCountry "CUB"]
[SourceTitle "EXT 2001"]
[Source "ChessBase"]
[SourceDate "2000.11.22"]
[SourceVersion "1"]
[SourceVersionDate "2000.11.22"]
[SourceQuality "1"]

1. Nf3 Nf6 2. g3 d5 3. Bg2 c6 4. 0-0 Nbd7 5. d3 e5 6. Nbd2 Bc5 7. e4 dxe4 8. dxe4 0-0 9. Qe2 Qe7 10. Nb3 Bb6 11. Nh4 Nc5 12. Be3 Bg4 13. f3 Be6 14. Nxc5 Bxc5 15. Qf2 Bxe3 16. Qxe3 Rfd8 17. a3 Rd4 18. c3 Rd7 19. Rad1 Qd8 20. Rxd7 Nxd7 21. Rd1 Qb6 22. Qxb6 1/2-1/2